The sorrows of young werther and selected writings

Đã lưu trong:
Chi tiết về thư mục
Tác giả chính: Goethe, Johann Wolfgang
Định dạng: Sách
Ngôn ngữ:Undetermined
Được phát hành: New York, Estados Unidos New American Library 1962
Những chủ đề:
Các nhãn: Thêm thẻ
Không có thẻ, Là người đầu tiên thẻ bản ghi này!

MARC

LEADER 00000nam a2200000Ia 4500
008 170316s9999 xx 000 0 und d
040 |a cru BVZT 
090 |a 830 G-4s 
100 |a Goethe, Johann Wolfgang 
245 4 |a The sorrows of young werther and selected writings 
260 |a New York, Estados Unidos 
260 |b New American Library 
260 |c 1962 
300 |a 255 páginas 
650 |a LITERATURA ALEMANA 
999 |c 7336  |d 7336 
942 |c 15 D  |h 830 G-4s  |2 z